| 000 | 00600nas a2200205 i 4500 | ||
|---|---|---|---|
| 001 | 185608 | ||
| 003 | ES-MaACL | ||
| 005 | 20250807062553.0 | ||
| 008 | 160728d19231960xxu | | ||ng d | ||
| 022 | _a0095-9677 | ||
| 245 | 0 | 0 | _aCollected papers of the Mayo clinic and the Mayo foundation. |
| 260 |
_aPhiladelphia : _bW.B. Saunders Company, _c1923-1960. |
||
| 300 |
_a3 v. : _bil. ; _c24 cm. |
||
| 650 | 0 | 7 |
_aMedicina _2embne _914891 |
| 710 | 2 |
_aMayo Clinic. _9160220 |
|
| 710 | 2 |
_aMayo Foundation. _9160221 |
|
| 852 |
_aES-MaACL _jB-13073-75 |
||
| 866 | 0 | _o1932-1934. | |
| 999 |
_c185608 _d185608 |
||